00993nam a2200229 a 4500001001000000003000500010005001700015008004100032010001100073011001100084040000900095100003300104245017400137260004100311500006000352502013000412650002900542650005000571650003500621650003700656856007000693000111371CHAP20250515062730.0150331s2015 mx a fsm |||||||spa d a107833 a108805 cCHAP1 aSosa Márquez, Lidia Estela10aAnálisis descriptivo del cultivo del maíz en grano en el estado de Chihuahuah[En línea]b: del diagnóstico a la rentabilidad /cpor Lidia Estela Sosa Márquez. aChapingo, Méx. :bEl autor,c2015. aPara ver el contenido del material haga clic en la liga aTesis (Lic. en Comercio Internacional de Productos Agropecuarios) -- UACH. División de Ciencias Económico Administrativas14aAgricultura de temporal.14aAgriculturaxAspectos económicosxChihuahua14aMaízxAspectos económicos.17aMaízxCostos de producción2 aFinding aiduhttp://10.13.5.2/tesis/sist111371.pdfzTeclea aquí